00828nam a22002057a 4500999001900000005001700019010001500036020002600051035001400077037001300091082001200104100001800116245010900134260003900243270009500282300003100377500005000408942002600458952013800484 c168425d16842520191007161738.0 aENG-126616 a9789353284541c375.00 aEN-110148 bDBAD/PUB a338.064 aKapoor, Mansi aGlobal business environment :cby Mansi Kapoorbshifting paradigms in the fourth industrial revolution / aNew DelhibSAGE Publicationsc2019 aB1/1-1, Mohan Cooperative Industrial AreabMathura Road, New Delhie110044mwww.sagepub.in avarious paging.c24cm(pbk) aIncludes bibliographical references and index 2ddccENh338.064mKAP 001040718NFICaDBADbDBADd2019-10-07eDBAD/PUBg375.00l0o338.064 KAPpEN-110148r2019-10-07 00:00:00t1v375.00w2019-10-07yEN